Normal view MARC view

Entry Topical Term

Number of records used in: 1

001 - CONTROL NUMBER

  • control field: 33566

003 - CONTROL NUMBER IDENTIFIER

  • control field: OSt

005 - DATE AND TIME OF LATEST TRANSACTION

  • control field: 20221007111705.0

008 - FIXED-LENGTH DATA ELEMENTS

  • fixed length control field: 221007|| aca||aabn | a|a d

040 ## - CATALOGING SOURCE

  • Original cataloging agency: OSt
  • Transcribing agency: OSt

150 ## - HEADING--TOPICAL TERM

  • Topical term or geographic name entry element: NSDUH, National survey on drug use and health, Panel dataset, Civil forfeiture.

670 ## - SOURCE DATA FOUND

  • Source citation: Work cat.: (OSt): Carpenter, Dick and Ward, Anthony 33565, A new panel dataset for studies using substate units of analysis and indicators of drug activity

Powered by Koha